| 000 | 01095nam a2200253 a 4500 | ||
|---|---|---|---|
| 008 | 120416s1999 ||||||||||||||||| || u | ||
| 020 | _a9041197281 | ||
| 050 | _aK 81 Int | ||
| 100 | _aHeinrich, Gregor | ||
| 245 | 1 | 0 |
_aInternational bank insolvencies: a central bank perspective _cedited by Mario Giovanoli and Gregor Heinrich |
| 260 |
_aLondon: _bKluwer Law International _c1999 |
||
| 300 | _axlv, 432 p. | ||
| 350 | _a0.00 | ||
| 490 | _aInternational banking, finance and economic law series | ||
| 500 | _aAt head of title: SMU Institute of International Banking and Finance, Dallas, Texas ... | ||
| 650 | _aBANKS AND BANKING, CENTRAL | ||
| 650 | _aBANKING | ||
| 650 | _aBANK FAILURES--LAW AND LEGISLATION | ||
| 650 | _aBANKRUPTCY | ||
| 650 | _aBANKING AND BANKS, INTERNATIONAL--LAW AND LEGISLATION | ||
| 700 | _aGiovanoli, Mario | ||
| 710 | _aSouthern Methodist University. Institute of International Banking and Finance | ||
| 995 |
_D0.00 _FCBU-MAIN LIBRARY (Kitwe) _H1 _I0.00 _M1 _UAVAILABLE _ZAnnex Low-Usage Collection |
||
| 999 |
_c47287 _d47287 |
||